Loading...
| Fine Arts - Painting and Sculpture | 0 | 7 | 0 | 0 | 70 | 50 | 72.00 | 3 | 7 | 0.00 | 0.00 |
| Fine Arts - Classical Music | 0 | 7 | 1 | 0 | 65 | 31 | 66.43 | 5 | 7 | 0.00 | 0.00 |
| Social Science | 0 | 6 | 0 | 0 | 60 | 61 | 73.83 | 4 | 6 | 0.00 | 0.00 |
| History - Other | 0 | 6 | 0 | 2 | 60 | 60 | 114.17 | 1 | 6 | 0.00 | 0.00 |
| Science - Biology | 0 | 7 | 2 | 2 | 60 | 90 | 101.57 | 2 | 7 | 0.00 | 0.00 |
| Literature - World | 0 | 6 | 1 | 1 | 55 | 17 | 99.50 | 1 | 6 | 0.00 | 0.00 |
| History - European | 0 | 6 | 1 | 0 | 55 | 68 | 106.17 | 2 | 6 | 0.00 | 0.00 |
| Mythology | 0 | 5 | 1 | 0 | 45 | 82 | 113.20 | 1 | 5 | 0.00 | 0.00 |
| Philosophy | 0 | 4 | 0 | 0 | 40 | 64 | 91.00 | 1 | 4 | 0.00 | 0.00 |
| History - World | 0 | 4 | 0 | 0 | 40 | 122 | 124.75 | 0 | 4 | 0.00 | 0.00 |
| Science - Chemistry | 0 | 5 | 2 | 0 | 40 | 94 | 104.20 | 1 | 5 | 0.00 | 0.00 |
| History - American | 0 | 4 | 0 | 2 | 40 | 68 | 105.00 | 1 | 4 | 0.00 | 0.00 |
| Fine Arts - Other | 0 | 4 | 1 | 0 | 35 | 76 | 87.50 | 3 | 4 | 0.00 | 0.00 |
| Literature - European | 0 | 4 | 2 | 0 | 30 | 32 | 70.75 | 4 | 4 | 0.00 | 0.00 |
| Pop Culture | 0 | 3 | 0 | 0 | 30 | 20 | 80.67 | 2 | 3 | 0.00 | 0.00 |
| Science - Physics | 0 | 4 | 3 | 2 | 25 | 94 | 114.00 | 0 | 4 | 0.00 | 0.00 |
| Religion | 0 | 4 | 3 | 1 | 25 | 84 | 119.50 | 1 | 4 | 0.00 | 0.00 |
| Literature - American | 0 | 4 | 4 | 0 | 20 | 64 | 90.00 | 1 | 4 | 0.00 | 0.00 |
| Literature - British | 0 | 3 | 3 | 1 | 15 | 113 | 131.00 | 0 | 3 | 0.00 | 0.00 |
| Other Academic | 0 | 1 | 0 | 1 | 10 | 136 | 136.00 | 0 | 1 | 0.00 | 0.00 |
| Science - Other | 0 | 1 | 1 | 1 | 5 | 122 | 122.00 | 0 | 1 | 0.00 | 0.00 |